| 000 | 01549nam a22002777a 4500 | ||
|---|---|---|---|
| 001 | 7383 | ||
| 003 | FISKH | ||
| 005 | 20250711111938.0 | ||
| 008 | 250711b cb ||||| |||| 00| 0 eng d | ||
| 020 | _a9789833515196 | ||
| 040 |
_aFISKH _beng _cFISKH _dFISKH |
||
| 050 | _aPZ7 | ||
| 082 | _a398.2 | ||
| 100 | _aShilpi | ||
| 245 |
_aThe golden Goose : _bPopular fairy tales / _cEdited by Shilpi & Deepti |
||
| 260 |
_aKuala Lampur : _bScholar's Publications, _c2006. |
||
| 300 |
_a16 pages : _bcolor illustrations ; _c28 cm |
||
| 505 | _aG | ||
| 520 | _aThis is a classic folk tale about a kind-hearted young man named Simpleton, who is often mocked by his older brothers and the people around him. One day, Simpleton shares his food with a hungry old man, who rewards him with a magical golden goose. When people see the goose's golden feathers, they become greedy and try to steal it—only to find themselves magically stuck to the bird and to each other. As Simpleton walks through the village, he unknowingly collects a long line of people stuck together behind the goose. Later, a princess who never smiles sees the ridiculous parade and bursts into laughter. This delights the king, and as a reward, Simpleton is allowed to marry the princess. His kindness and simplicity bring him good fortune and happiness in the end. | ||
| 521 | 8 |
_a380
_bLexile estimate |
|
| 521 | 8 |
_aG
_bRaz-Plus |
|
| 650 |
_aKindness _vFairy Tale _xGreed _yGenerosity |
||
| 700 |
_aDeepti _eEditor |
||
| 942 |
_2ddc _cBK _n0 |
||
| 999 |
_c7383 _d7383 |
||